00366nam a2200121Ia 4500003000400000005001700004008004100021040001800062041000800080100004400088245007600132260003600208OSt20260122111153.0211028s2015 xx 000 0 und d cAIMIT LIBRARY aeng aApravi, Kamat; James, Justine.g1316074 aStudy on employee absenteeism with special reference to cipla ltd Goa / aMangalorebJustine James.c2015